Reviewer in management advisory service. / (Record no. 1890)

MARC details
000 -LEADER
fixed length control field 00683nam a22002057a 4500
003 - CONTROL NUMBER IDENTIFIER
control field OSt
005 - DATE AND TIME OF LATEST TRANSACTION
control field 20240703071421.0
008 - FIXED-LENGTH DATA ELEMENTS--GENERAL INFORMATION
fixed length control field 240703b |||||||| |||| 00| 0 eng d
020 ## - INTERNATIONAL STANDARD BOOK NUMBER
International Standard Book Number 978-621-416-013-6
040 ## - CATALOGING SOURCE
Original cataloging agency DWC- Main Lib
Transcribing agency OC
082 ## - DEWEY DECIMAL CLASSIFICATION NUMBER
Classification number Fil. 658 R786r 2016
100 ## - MAIN ENTRY--PERSONAL NAME
Personal name Roque, Rodelio, S.
245 ## - TITLE STATEMENT
Title Reviewer in management advisory service. /
Statement of responsibility, etc. Rodelio, S. Roque.
250 ## - EDITION STATEMENT
Edition statement 2016 edition
260 ## - PUBLICATION, DISTRIBUTION, ETC.
Place of publication, distribution, etc. Manila, Philippines :
Name of publisher, distributor, etc. GIC Enterprises & Co. Inc.,
Date of publication, distribution, etc. c2016.
300 ## - PHYSICAL DESCRIPTION
Extent 955 pages :
Other physical details illustrations ;
Dimensions 22cm.
650 ## - SUBJECT ADDED ENTRY--TOPICAL TERM
Topical term or geographic name entry element 1. Accounting– Examination, question etc.
650 ## - SUBJECT ADDED ENTRY--TOPICAL TERM
Topical term or geographic name entry element 2. Management– Examinations, questions etc.
942 ## - ADDED ENTRY ELEMENTS (KOHA)
Source of classification or shelving scheme Dewey Decimal Classification
Koha item type Book-Filipiniana
Suppress in OPAC Yes
952 ## - LOCATION AND ITEM INFORMATION (KOHA)
--
952 ## - LOCATION AND ITEM INFORMATION (KOHA)
--
952 ## - LOCATION AND ITEM INFORMATION (KOHA)
--
Holdings
Withdrawn status Lost status Source of classification or shelving scheme Damaged status Not for loan Home library Current library Date acquired Source of acquisition Cost, normal purchase price Total Checkouts Full call number Barcode Date last seen Copy number Price effective from Koha item type Uniform Resource Identifier
    Dewey Decimal Classification     College Library College Library 09/30/2019 School Fund 550.00   Fil. 658 R786r 2016 52235 07/03/2024 c1 07/03/2024 BK - FIL
    Dewey Decimal Classification     College Library College Library 09/30/2019 School Fund 550.00   Fil. 658 R786r 2016 52236 07/03/2024 c2 07/03/2024 BK - FIL
    Dewey Decimal Classification     College Library College Library 09/30/2019 School Fund 550.00   Fil. 658 R786r 2016 52237 07/03/2024 c3 07/03/2024 BK - FIL